[Event "Festival B Giugno"]
[Site "Milano ITA"]
[Date "2014.06.01"]
[Round "4"]
[White "Longo, Giovanni"]
[Black "D'Aste, Federico"]
[WhiteElo "1644"]
[BlackElo "1473"]
[Result "0-1"]
[PlyCount "80"]
[EventDate "2014.05.29"]

1. e4 d6 2. d4 Nf6 3. Bd3 g6 4. c4 Bg7 5. Ne2 O-O 6. Nbc3 c6 7. Bg5 Qa5 8. Qd2
Bd7 9. Bh6 b5 10. Bxg7 Kxg7 11. b3 Na6 12. e5 dxe5 13. dxe5 Ng4 14. f4 Rad8 15.
Ne4 Qb6 16. h3 Ne3 17. c5 Nxg2+ 18. Kf1 Nxc5 19. Nxc5 Qxc5 20. Kxg2 Bf5 21. Qc3
Qxc3 22. Nxc3 Rxd3 23. Rac1 b4 24. Ne2 Be4+ 25. Kh2 Bxh1 26. Kxh1 Rc8 27. Rc2
Rxh3+ 28. Kg2 Rd3 29. Ng3 Rcd8 30. Rxc6 Rd2+ 31. Kh3 Rxa2 32. Rc4 a5 33. f5 Rd3
34. Rc7 Rxb3 35. Rxe7 gxf5 36. e6 f4 37. Rxf7+ Kg6 38. Rxf4 Re3 39. e7 Rxe7 40.
Rg4+ Kf6 0-1

[Event "Festival B Giugno"]
[Site "Milano ITA"]
[Date "2014.06.01"]
[Round "4"]
[White "Maccari, Piergiuseppe"]
[Black "Pipitone, Filippo Massimo"]
[WhiteElo "1630"]
[BlackElo "1556"]
[Result "1-0"]
[PlyCount "79"]
[EventDate "2014.05.29"]

1. Nf3 d5 2. g3 Nf6 3. Bg2 Bf5 4. O-O e6 5. d4 h6 6. c4 Be7 7. Qb3 Qc8 8. Nc3
c6 9. Bf4 O-O 10. Rac1 Na6 11. Ne5 dxc4 12. Qxc4 Nb4 13. e4 Bh7 14. a3 Na6 15.
b4 g5 16. Be3 Nb8 17. d5 Nfd7 18. f4 Nxe5 19. fxe5 cxd5 20. Nxd5 Nc6 21. Qxc6
exd5 22. Qxd5 Qe6 23. Rc7 Rfe8 24. Rxb7 a6 25. Qxe6 fxe6 26. Rd1 Bf8 27. Rdd7
Bg6 28. Bf3 Rac8 29. Bc5 h5 30. Bxf8 Rc1+ 31. Kg2 Rc2+ 32. Kh3 g4+ 33. Kh4
Rxh2+ 34. Kg5 Kxf8 35. Kxg6 Rf2 36. Rf7+ Kg8 37. Rg7+ Kh8 38. Rh7+ Kg8 39.
Rbg7+ Kf8 40. Rh8# 1-0

[Event "Festival B Giugno"]
[Site "Milano ITA"]
[Date "2014.06.01"]
[Round "4"]
[White "Poletto, Daniele"]
[Black "Colica, Daniele"]
[WhiteElo "1744"]
[BlackElo "1711"]
[Result "0-1"]
[PlyCount "74"]
[EventDate "2014.05.29"]

1. c4 d5 2. Nf3 Nf6 3. g3 Nc6 4. cxd5 Nxd5 5. Nc3 e5 6. Nxd5 Qxd5 7. d3 Be6 8.
Bg2 f6 9. O-O Rb8 10. Ng5 Qd7 11. Nxe6 Qxe6 12. Be3 Bd6 13. b3 Nd4 14. Bxd4
exd4 15. Qc2 c6 16. Rac1 Bb4 17. Qc4 Qxc4 18. Rxc4 Bc3 19. e3 Rd8 20. e4 Ke7
21. f4 Rhf8 22. Ra4 a5 23. Rc4 Kd6 24. a3 Rfe8 25. Rb1 Rb8 26. b4 axb4 27. axb4
Rbc8 28. b5 c5 29. e5+ fxe5 30. Bxb7 Rb8 31. fxe5+ Rxe5 32. Be4 h6 33. b6 Bb4
34. b7 Rxe4 35. Rcxb4 cxb4 36. Rxb4 Re7 37. Rxd4+ Kc6 0-1

[Event "Festival B Giugno"]
[Site "Milano ITA"]
[Date "2014.06.01"]
[Round "4"]
[White "Rigotti, Gianluigi"]
[Black "Ceraulo, Carlo Alberto"]
[WhiteElo "1616"]
[BlackElo "1520"]
[Result "1-0"]
[PlyCount "58"]
[EventDate "2014.05.29"]

1. e4 c6 2. d4 d5 3. e5 Bf5 4. Nf3 c5 5. c3 e6 6. Bd3 Bxd3 7. Qxd3 Nc6 8. O-O
cxd4 9. cxd4 Nge7 10. Nc3 Qb6 11. Qb5 Qc7 12. a3 a6 13. Qd3 Qb6 14. Na4 Qa7 15.
b4 Nf5 16. Bb2 Be7 17. Rac1 O-O 18. Rc2 b5 19. Rxc6 bxa4 20. Rfc1 Bd8 21. g4
Ne7 22. R6c3 Bb6 23. Ng5 Ng6 24. Rc6 h6 25. Nxe6 fxe6 26. Qxg6 Rf7 27. Rc8+
Rxc8 28. Rxc8+ Rf8 29. Qxe6+ Qf7 1-0

[Event "Festival B Giugno"]
[Site "Milano ITA"]
[Date "2014.06.02"]
[Round "5"]
[White "Ceraulo, Carlo Alberto"]
[Black "D'Aste, Federico"]
[WhiteElo "1520"]
[BlackElo "1473"]
[Result "1-0"]
[PlyCount "101"]
[EventDate "2014.05.29"]

1. d4 Nf6 2. c4 g6 3. Nc3 d5 4. e3 Bg7 5. b3 O-O 6. cxd5 Nxd5 7. Nxd5 Qxd5 8.
Nf3 c5 9. Bc4 Qh5 10. Bb2 Bg4 11. Be2 cxd4 12. Nxd4 Bxe2 13. Qxe2 Qxe2+ 14.
Kxe2 e5 15. Nb5 Nc6 16. Rhd1 Rfd8 17. Nd6 Rab8 18. Rac1 Bf8 19. Nxb7 Rxd1 20.
Kxd1 Nb4 21. Rc7 Nd3 22. Kc2 Nxf2 23. Bxe5 Ng4 24. Bf4 Re8 25. Kd3 Bh6 26. Bxh6
Nxh6 27. Na5 Nf5 28. Nc4 Rd8+ 29. Ke2 a6 30. Ra7 Re8 31. Rxa6 Nd4+ 32. Kd3 Nb5
33. Kc2 f5 34. Rb6 Nc7 35. a4 Nd5 36. Rd6 Nxe3+ 37. Nxe3 Rxe3 38. Rd3 Re2+ 39.
Rd2 Re6 40. Kb2 h5 41. h4 Kg7 42. Kc3 f4 43. a5 Kf6 44. b4 Kf5 45. b5 Kg4 46.
a6 Re5 47. a7 Re8 48. b6 Ra8 49. Ra2 Kg3 50. b7 Re8 51. b8=Q 1-0

[Event "Festival B Giugno"]
[Site "Milano ITA"]
[Date "2014.06.02"]
[Round "5"]
[White "Colica, Daniele"]
[Black "Maccari, Piergiuseppe"]
[WhiteElo "1711"]
[BlackElo "1630"]
[Result "0-1"]
[PlyCount "114"]
[EventDate "2014.05.29"]

1. Nf3 Nf6 2. b3 g6 3. Bb2 Bg7 4. e3 O-O 5. Be2 d5 6. O-O c5 7. c4 Nc6 8. cxd5
Qxd5 9. Nc3 Qf5 10. d4 Rd8 11. Bd3 Qd7 12. Qe2 cxd4 13. exd4 Nxd4 14. Nxd4 Qxd4
15. Bc4 Qc5 16. Na4 Qc7 17. Rac1 Qd7 18. Rfd1 Qe8 19. Rxd8 Qxd8 20. Rd1 Qe8 21.
Bb5 Bd7 22. Bxd7 Nxd7 23. Bxg7 Kxg7 24. Qd3 Nf6 25. Nc3 Qc6 26. h3 Rc8 27. Rc1
a6 28. Ne2 Qe6 29. Rxc8 Qxc8 30. Qd4 Qc2 31. Nc3 h5 32. g4 hxg4 33. hxg4 Kh7
34. Kg2 Nxg4 35. Qxg4 Qxc3 36. Qh4+ Kg7 37. Qxe7 Qc6+ 38. Kg1 b5 39. Qa7 Qf6
40. Kg2 g5 41. Qb7 Kg6 42. Qe4+ Kg7 43. Qd5 Qf4 44. Qc6 Qg4+ 45. Kf1 Qh3+ 46.
Kg1 Qe6 47. Qb7 Kg6 48. Qa8 g4 49. Qg8+ Kf5 50. Qh7+ Kf4 51. Qd3 Qe1+ 52. Kg2
Qe4+ 53. Qxe4+ Kxe4 54. Kg3 f5 55. b4 Ke5 56. Kg2 f4 57. a3 Kd4 0-1

[Event "Festival B Giugno"]
[Site "Milano ITA"]
[Date "2014.06.02"]
[Round "5"]
[White "Di Paola, Antonio"]
[Black "Rigotti, Gianluigi"]
[WhiteElo "1697"]
[BlackElo "1616"]
[Result "1-0"]
[PlyCount "47"]
[EventDate "2014.05.29"]

1. d4 Nf6 2. c4 d5 3. cxd5 Nxd5 4. e4 Nf6 5. Nc3 e6 6. Nf3 Bb4 7. Bd3 Nc6 8.
Bc2 O-O 9. O-O a6 10. Qd3 g6 11. a3 Be7 12. Be3 b5 13. b4 Bb7 14. d5 exd5 15.
exd5 Nb8 16. Rad1 Bd6 17. Bg5 Kg7 18. Ne4 Be7 19. Qd4 h6 20. Bh4 g5 21. Bg3
Qxd5 22. Nxf6 Qxd4 23. Nh5+ Kg8 24. Nxd4 1-0

[Event "Festival B Giugno"]
[Site "Milano ITA"]
[Date "2014.06.02"]
[Round "5"]
[White "Frignani, Alessandro"]
[Black "Aloe, Giancarlo"]
[WhiteElo "1416"]
[BlackElo "1693"]
[Result "0-1"]
[PlyCount "68"]
[EventDate "2014.05.29"]

1. e4 c5 2. f4 e6 3. Nf3 Nc6 4. g3 Nf6 5. Qe2 Be7 6. a3 d5 7. e5 Nd7 8. c3 O-O
9. d3 a6 10. Be3 b5 11. d4 cxd4 12. Bxd4 Bb7 13. Nbd2 Rc8 14. Qe3 Nxd4 15. Nxd4
Nb6 16. Bd3 Qd7 17. Ke2 Rfd8 18. h4 Nc4 19. Bxc4 dxc4 20. N2f3 Bc5 21. Rhd1 Bd5
22. Rd2 Qb7 23. Rad1 Rd7 24. Ne1 Rcd8 25. Nec2 Be4 26. Kf2 h5 27. Kg1 Bf5 28.
Kh2 Bg4 29. Rf1 a5 30. Rff2 Qb6 31. Rf1 b4 32. Ra1 bxc3 33. Qxc3 Bxd4 34. Nxd4
Rxd4 0-1

[Event "Festival B Giugno"]
[Site "Milano ITA"]
[Date "2014.06.02"]
[Round "5"]
[White "Longo, Giovanni"]
[Black "Campa, Livio"]
[WhiteElo "1644"]
[BlackElo "1296"]
[Result "1-0"]
[PlyCount "29"]
[EventDate "2014.05.29"]

1. e4 c6 2. d4 d5 3. e5 Bf5 4. g4 Bg6 5. h4 h6 6. h5 Bh7 7. e6 Nf6 8. exf7+
Kxf7 9. Bd3 Qd6 10. g5 hxg5 11. Bxg5 Nbd7 12. Bxh7 Rxh7 13. Qd3 e5 14. Qg6+ Ke7
15. Qxh7 1-0

[Event "Festival B Giugno"]
[Site "Milano ITA"]
[Date "2014.06.02"]
[Round "5"]
[White "Madaschi, Sergio"]
[Black "Verderame, Alberto"]
[WhiteElo "1522"]
[BlackElo "1460"]
[Result "0-1"]
[PlyCount "88"]
[EventDate "2014.05.29"]

1. e4 d6 2. Nc3 Nf6 3. d4 c6 4. Bd3 Nbd7 5. Nf3 e5 6. O-O Be7 7. h3 Qb6 8. Na4
Qc7 9. Be3 b5 10. Nc3 b4 11. Ne2 c5 12. c3 c4 13. Bc2 a5 14. a3 b3 15. Bb1 O-O
16. Ng3 Ba6 17. Qd2 d5 18. exd5 exd4 19. Bxd4 Nxd5 20. Be4 N7f6 21. Bxf6 Bxf6
22. Bxd5 Rad8 23. Bxf7+ Rxf7 24. Nd4 Bxd4 25. cxd4 c3 26. Qxc3 Qxc3 27. bxc3
Bxf1 28. Rxf1 b2 29. Rb1 Rb7 30. Ne2 Rdb8 31. c4 Rb3 32. c5 Rxa3 33. c6 Ra1 34.
Nc3 Rxb1+ 35. Nxb1 a4 36. d5 Kf7 37. c7 Rc8 38. d6 Ke6 39. Nc3 Kxd6 40. Nb5+
Kd7 41. Na3 Rxc7 42. Kh2 Rc1 43. f4 b1=Q 44. Nxb1 Rxb1 0-1

[Event "Festival B Giugno"]
[Site "Milano ITA"]
[Date "2014.06.02"]
[Round "5"]
[White "Pipitone, Filippo Massimo"]
[Black "Carli, Federico"]
[WhiteElo "1556"]
[BlackElo "1579"]
[Result "1/2-1/2"]
[PlyCount "35"]
[EventDate "2014.05.29"]

1. d4 d5 2. c4 c6 3. Nf3 Nf6 4. Nc3 dxc4 5. a4 Bf5 6. e3 e6 7. Bxc4 Bb4 8. O-O
h6 9. Qb3 a5 10. Bd2 Nbd7 11. Rac1 O-O 12. Rfd1 Rc8 13. Na2 c5 14. Nc3 Qe7 15.
Nb5 Rfd8 16. Be1 Nb6 17. Be2 Nfd7 18. h3 1/2-1/2

[Event "Festival B Giugno"]
[Site "Milano ITA"]
[Date "2014.06.02"]
[Round "5"]
[White "Poletto, Daniele"]
[Black "Carbone, Lorenzo"]
[WhiteElo "1744"]
[BlackElo "1654"]
[Result "0-1"]
[PlyCount "56"]
[EventDate "2014.05.29"]

1. c4 c5 2. Nc3 Nf6 3. g3 Nc6 4. Bg2 e6 5. e4 Be7 6. f4 d6 7. Nge2 O-O 8. O-O
a6 9. h3 Rb8 10. d3 b5 11. cxb5 axb5 12. a3 Qc7 13. Kh2 h6 14. d4 cxd4 15. Nxd4
Nxd4 16. Qxd4 Ba6 17. b4 Nd7 18. Bb2 Bf6 19. Qd2 Nb6 20. Rac1 Nc4 21. Qf2 Nxb2
22. Qxb2 Rbc8 23. Rf3 Qb6 24. Qd2 Rc4 25. Rd3 Rc6 26. Ne2 e5 27. fxe5 Bxe5 28.
Nd4 Rxc1 0-1

[Event "Festival B Giugno"]
[Site "Milano ITA"]
[Date "2014.08.09"]
[Round "6"]
[White "Aloe, Giancarlo"]
[Black "Pipitone, Filippo Massimo"]
[WhiteElo "1693"]
[BlackElo "1556"]
[Result "1-0"]
[PlyCount "77"]
[EventDate "2014.05.29"]

1. d4 d5 2. Nf3 Nf6 3. g3 e6 4. Bg2 Nbd7 5. O-O c5 6. e3 Bd6 7. Nbd2 O-O 8. c4
cxd4 9. Nxd4 a6 10. b3 Ne5 11. Bb2 dxc4 12. bxc4 Rb8 13. Qe2 Bd7 14. Rac1 Qe7
15. N2b3 Rfc8 16. Rfd1 Bb4 17. Nf3 Nxf3+ 18. Bxf3 Bc6 19. Nd4 Bxf3 20. Qxf3 Rc7
21. Rc2 Rbc8 22. Rdc1 Bd6 23. Nb3 Nd7 24. Qg4 Be5 25. Nd4 Bf6 26. Rc3 Ne5 27.
Qe2 Nd7 28. Ba3 Qd8 29. Bd6 Nc5 30. Bxc7 Rxc7 31. Rd1 Rd7 32. Rcc1 h6 33. Qg4
Be7 34. Kg2 Qe8 35. Qh5 g6 36. Qxh6 Qd8 37. Qf4 Bg5 38. Qe5 Bf6 39. Qxc5 1-0

[Event "Festival B Giugno"]
[Site "Milano ITA"]
[Date "2014.06.02"]
[Round "6"]
[White "Campa, Livio"]
[Black "Madaschi, Sergio"]
[WhiteElo "1296"]
[BlackElo "1522"]
[Result "0-1"]
[PlyCount "56"]
[EventDate "2014.05.29"]

1. c4 b6 2. g3 Bb7 3. Nf3 e6 4. Bg2 Nf6 5. Nc3 Be7 6. d4 c5 7. e3 d5 8. b3 O-O
9. O-O cxd4 10. exd4 dxc4 11. bxc4 Qc7 12. Qd3 Na6 13. a3 Rfd8 14. Qe2 Rac8 15.
Nb5 Qb8 16. Bf4 Qa8 17. Rac1 Bc6 18. Rfd1 Ne8 19. a4 Qb7 20. Nc3 Bf6 21. Nb5
Nac7 22. Qe3 a6 23. Nc3 Nd6 24. Bxd6 Rxd6 25. c5 bxc5 26. dxc5 Rxd1+ 27. Rxd1
Nd5 28. Qd3 Nxc3 0-1

[Event "Festival B Giugno"]
[Site "Milano ITA"]
[Date "2014.06.02"]
[Round "6"]
[White "Carli, Federico"]
[Black "Bracco, Valter"]
[WhiteElo "1579"]
[BlackElo "1481"]
[Result "1-0"]
[PlyCount "57"]
[EventDate "2014.05.29"]

1. e4 c5 2. c3 Nf6 3. e5 Nd5 4. d4 cxd4 5. cxd4 e6 6. Nf3 d6 7. Nc3 Nxc3 8.
bxc3 dxe5 9. Nxe5 Bd6 10. Bb5+ Bd7 11. Nxd7 Nxd7 12. O-O Qc7 13. Qh5 O-O 14.
Bd2 Nf6 15. Qh4 Rfd8 16. Bd3 Be7 17. Qh3 Rd5 18. Qf3 Rad8 19. Rab1 a6 20. Bf4
Bd6 21. Bxd6 Qxd6 22. Rxb7 Qa3 23. Ra7 a5 24. c4 Rf5 25. Bxf5 Qxf3 26. Bxh7+
Nxh7 27. gxf3 Rxd4 28. Rc1 Rd3 29. c5 1-0

[Event "Festival B Giugno"]
[Site "Milano ITA"]
[Date "2014.06.02"]
[Round "6"]
[White "Ceraulo, Carlo Alberto"]
[Black "Longo, Giovanni"]
[WhiteElo "1520"]
[BlackElo "1644"]
[Result "0-1"]
[PlyCount "70"]
[EventDate "2014.05.29"]

1. d4 c6 2. c4 d5 3. Nc3 Nf6 4. cxd5 Nxd5 5. Nxd5 Qxd5 6. Nf3 g6 7. e3 Bg7 8.
b3 O-O 9. Bc4 Qh5 10. Bb2 Bg4 11. Be2 Qa5+ 12. Qd2 Qxd2+ 13. Kxd2 Rd8 14. b4
Nd7 15. Ne1 Bxe2 16. Kxe2 a5 17. Bc3 axb4 18. Bxb4 e5 19. Bc3 exd4 20. Bxd4
Bxd4 21. exd4 Re8+ 22. Kd3 Ra3+ 23. Kd2 Rea8 24. Nd3 R8a4 25. Ke3 c5 26. dxc5
Nxc5 27. Rhd1 f5 28. f3 f4+ 29. Ke2 Rxa2+ 30. Rxa2 Rxa2+ 31. Ke1 Nxd3+ 32. Rxd3
Rxg2 33. Rd8+ Kg7 34. Rd7+ Kh6 35. Rxb7 Rxh2 0-1

[Event "Festival B Giugno"]
[Site "Milano ITA"]
[Date "2014.06.03"]
[Round "6"]
[White "D'Aste, Federico"]
[Black "Frignani, Alessandro"]
[WhiteElo "1473"]
[BlackElo "1416"]
[Result "0-1"]
[PlyCount "84"]
[EventDate "2014.05.29"]

1. e4 e5 2. Nf3 Qf6 3. Bc4 Bc5 4. O-O Be7 5. c3 c5 6. d4 d6 7. dxe5 dxe5 8. Ng5
Nh6 9. Qb3 O-O 10. Bd5 Nc6 11. Qb5 Qg6 12. Nf3 Bh3 13. g3 Bxf1 14. Kxf1 Nd8 15.
Nxe5 Qb6 16. Qxb6 axb6 17. Nd7 Re8 18. Nxb6 Ra6 19. Nc4 Ng4 20. h3 Nf6 21. Be3
Nxd5 22. exd5 b5 23. Ne5 Rd6 24. c4 bxc4 25. Nxc4 Rxd5 26. Nc3 Rf5 27. a4 Bf8
28. Bf4 Re6 29. a5 g5 30. Bc7 Nc6 31. a6 Na7 32. Bb6 Re7 33. Na4 Rd7 34. Nc3
Be7 35. Ra5 Kf8 36. Na4 Rd1+ 37. Kg2 Rd7 38. Nxc5 Bxc5 39. Bxc5+ Ke8 40. Nd6+
Rxd6 41. Bxd6 Rxa5 42. Kf3 Rxa6 0-1

[Event "Festival B Giugno"]
[Site "Milano ITA"]
[Date "2014.06.02"]
[Round "6"]
[White "Di Paola, Antonio"]
[Black "Colica, Daniele"]
[WhiteElo "1697"]
[BlackElo "1711"]
[Result "0-1"]
[PlyCount "48"]
[EventDate "2014.05.29"]

1. d4 Nf6 2. c4 e6 3. Nf3 Bb4+ 4. Bd2 Qe7 5. g3 Nc6 6. Bg2 Bxd2+ 7. Nbxd2 d6 8.
O-O O-O 9. e4 e5 10. d5 Nd8 11. Ne1 Bg4 12. f3 Bh5 13. Nd3 Nd7 14. Qc2 f5 15.
exf5 Be8 16. Ne4 Nf7 17. Qd2 h6 18. Rae1 Nf6 19. Nef2 Bd7 20. Nf4 Bxf5 21. Bh3
Bxh3 22. Ng6 Qd7 23. Nxf8 Rxf8 24. Nxh3 Qxh3 0-1

[Event "Festival B Giugno"]
[Site "Milano ITA"]
[Date "2014.06.02"]
[Round "6"]
[White "Maccari, Piergiuseppe"]
[Black "Carbone, Lorenzo"]
[WhiteElo "1630"]
[BlackElo "1654"]
[Result "1-0"]
[PlyCount "101"]
[EventDate "2014.05.29"]

1. Nf3 c5 2. g3 Nc6 3. d4 cxd4 4. Nxd4 Nxd4 5. Qxd4 Nf6 6. Bg2 e6 7. O-O Be7 8.
c4 O-O 9. Nc3 a6 10. e4 d6 11. e5 dxe5 12. Qxe5 Bd6 13. Qe2 Qc7 14. Bg5 Be7 15.
Rfd1 Ra7 16. Rac1 Qa5 17. Qd2 h6 18. Nd5 Bb4 19. Qxb4 Qxb4 20. Nxb4 hxg5 21.
Rd6 a5 22. Nd3 Nd7 23. c5 Re8 24. c6 bxc6 25. Bxc6 Re7 26. Be4 Ba6 27. Nc5 f5
28. Rxa6 Nxc5 29. Rxa7 Rxa7 30. Rxc5 fxe4 31. Re5 Kf7 32. Rxe4 Kf6 33. Ra4 Rb7
34. b3 Rb5 35. Kg2 Kf5 36. Kf3 Rc5 37. Rc4 Rd5 38. h3 Rd3+ 39. Ke2 Rd5 40. a3
Ke5 41. b4 axb4 42. axb4 Kf6 43. Rc2 Rb5 44. Rb2 Ke5 45. Kd3 Kd5 46. Kc3 Rb8
47. Rd2+ Ke5 48. Kc4 Ke4 49. b5 Rc8+ 50. Kb4 Rc1 51. b6 1-0

[Event "Festival B Giugno"]
[Site "Milano ITA"]
[Date "2014.06.02"]
[Round "6"]
[White "Rigotti, Gianluigi"]
[Black "Poletto, Daniele"]
[WhiteElo "1616"]
[BlackElo "1744"]
[Result "0-1"]
[PlyCount "86"]
[EventDate "2014.05.29"]

1. e4 c5 2. g3 Nc6 3. Bg2 g6 4. Ne2 Bg7 5. c3 e5 6. O-O Nge7 7. Na3 O-O 8. Nc2
d5 9. exd5 Nxd5 10. Ne3 Nxe3 11. fxe3 Rb8 12. d3 Bf5 13. e4 Be6 14. Be3 b6 15.
Qd2 Qd7 16. a3 Rbd8 17. Rad1 Bg4 18. Bf3 Bh3 19. Rf2 Qc8 20. Nc1 Be6 21. b4
cxb4 22. axb4 Qd7 23. Qe2 Qc7 24. Qb2 Rd7 25. Kg2 Rc8 26. b5 Na5 27. c4 Nb7 28.
Qa3 Nc5 29. Bxc5 Qxc5 30. Qxc5 Rxc5 31. Rc2 Rc8 32. Nb3 Rcd8 33. Be2 f5 34.
exf5 Bxf5 35. Nc1 Bh6 36. g4 Be6 37. h3 e4 38. c5 bxc5 39. Rxc5 Bxc1 40. Rcxc1
exd3 41. Bf3 d2 42. Rb1 Rd3 43. Kf2 Rf8 0-1

[Event "Festival B Giugno"]
[Site "Milano ITA"]
[Date "2014.06.02"]
[Round "6"]
[White "Verderame, Alberto"]
[Black "Fantina, Carla"]
[WhiteElo "1460"]
[BlackElo "1425"]
[Result "1-0"]
[PlyCount "175"]
[EventDate "2014.05.29"]

1. Nf3 Nf6 2. d4 d6 3. Nbd2 g6 4. c3 Bg7 5. e4 O-O 6. Bd3 c5 7. b3 Nh5 8. Nc4
a6 9. O-O b5 10. Ne3 Nc6 11. Bb2 Nf4 12. Bc2 a5 13. Rb1 Ba6 14. c4 Nb4 15. dxc5
Nxc2 16. Qxc2 Bxb2 17. Rxb2 dxc5 18. Rd1 Qe8 19. Nd5 Ne6 20. Nb6 Rd8 21. Ne5
Rxd1+ 22. Qxd1 Nd4 23. Nbd7 Qd8 24. Nxf8 Qxf8 25. h3 Qc8 26. a3 f6 27. Nd3 e5
28. cxb5 Bxb5 29. f3 c4 30. bxc4 Qxc4 31. Nf2 Kg7 32. Kh2 h5 33. Qd2 a4 34. Rb4
Qf1 35. Nd1 g5 36. Nc3 Kg6 37. Rb1 Qc4 38. Nxb5 Nxb5 39. Qd7 Nd4 40. Qe8+ Qf7
41. Qxa4 Ne6 42. Qa6 Nf4 43. Qb5 Qa2 44. Qe8+ Kh6 45. Qf8+ Kg6 46. Rg1 h4 47.
Qe8+ Kg7 48. a4 Ne2 49. Rd1 Nd4 50. Qd7+ Kh6 51. Rxd4 exd4 52. Qxd4 Kg6 53. Qa7
Qe6 54. a5 Qe5+ 55. Kh1 Qa1+ 56. Kh2 Qe5+ 57. Kg1 Qa1+ 58. Kf2 Qb2+ 59. Kg1
Qa1+ 60. Kh2 Qe5+ 61. Kh1 Qa1+ 62. Kh2 Qe5+ 63. Kg1 Qa1+ 64. Kf2 Qb2+ 65. Ke3
Qc1+ 66. Kd3 Qd1+ 67. Kc4 Qc2+ 68. Kb5 Qe2+ 69. Kc6 Qxg2 70. a6 Qxf3 71. Qe7
Qc3+ 72. Kb7 Qb3+ 73. Ka8 Qb6 74. Qb7 Qd8+ 75. Qb8 Qd4 76. Qe8+ Kg7 77. a7 Qb4
78. Qb8 Qa3 79. Qb7+ Kg6 80. Kb8 Qf8+ 81. Kc7 Qc5+ 82. Kd7 Qd4+ 83. Ke8 Qe5+
84. Kf8 Qd6+ 85. Ke8 Qe5+ 86. Qe7 Qb5+ 87. Kf8 Qc4 88. Qg7+ 1-0

[Event "Open SSM Luglio"]
[Site "Milano ITA"]
[Date "2014.07.03"]
[Round "1"]
[White "Carbone, Lorenzo"]
[Black "Hansen, Torbjorn Ringdal"]
[WhiteElo "1679"]
[BlackElo "2448"]
[Result "0-1"]
[PlyCount "56"]
[EventDate "2014.07.03"]

1. e4 c5 2. Nf3 d6 3. d4 cxd4 4. Nxd4 Nf6 5. Nc3 a6 6. Be2 e5 7. Nb3 Be7 8. O-O
O-O 9. Be3 Be6 10. Qe1 Qc7 11. h3 b5 12. a3 Nbd7 13. f4 Bc4 14. f5 d5 15. exd5
Nb6 16. Rd1 Rad8 17. Bxc4 bxc4 18. Nd2 Nbxd5 19. Nde4 Nxc3 20. Nxf6+ Bxf6 21.
Qxc3 e4 22. Bd4 Rxd4 23. Rxd4 Qb6 24. Rfd1 Rd8 25. Qxc4 Rxd4 26. Rxd4 Qxd4+ 27.
Qxd4 Bxd4+ 28. Kf1 Bxb2 0-1

[Event "Open SSM Luglio"]
[Site "Milano ITA"]
[Date "2014.07.03"]
[Round "1"]
[White "Vezzosi, Paolo"]
[Black "Pirrello, Christian"]
[WhiteElo "2282"]
[BlackElo "1669"]
[Result "1-0"]
[PlyCount "89"]
[EventDate "2014.07.03"]

1. d4 Nf6 2. Nf3 g6 3. Bf4 Bg7 4. e3 d6 5. c4 O-O 6. Nc3 Nbd7 7. Be2 c5 8. d5
a6 9. h3 Rb8 10. a4 Ne8 11. O-O Nc7 12. Qd2 Nf6 13. e4 Bd7 14. e5 Nfe8 15. Rfe1
b5 16. axb5 axb5 17. b3 bxc4 18. bxc4 Ra8 19. Rxa8 Qxa8 20. Ne4 Qa6 21. Bg5 f6
22. exd6 exd6 23. Bh6 f5 24. Bxg7 fxe4 25. Bxf8 exf3 26. Be7 fxe2 27. Qf4 Bf5
28. g4 Qa4 29. gxf5 Nxd5 30. Qe4 Nec7 31. fxg6 h6 32. Qf5 Qe8 33. cxd5 Qxe7 34.
Rxe2 Qg5+ 35. Qxg5 hxg5 36. Kh2 c4 37. Rc2 Nxd5 38. Rxc4 Ne7 39. Rd4 d5 40. Rg4
Kg7 41. Rxg5 Kf6 42. Rg1 Nxg6 43. Kg3 Kf5 44. h4 Nf4 45. Kf3 1-0

[Event "Open SSM Luglio"]
[Site "Milano ITA"]
[Date "2014.07.03"]
[Round "1"]
[White "De Angelis, Lorenzo"]
[Black "Brociner, Beniamino"]
[WhiteElo "1641"]
[BlackElo "2154"]
[Result "0-1"]
[PlyCount "38"]
[EventDate "2014.07.03"]

1. c4 Nf6 2. Nc3 e5 3. g3 d6 4. Bg2 Be7 5. d3 O-O 6. Nf3 c6 7. O-O Re8 8. Ng5
Nbd7 9. a3 d5 10. cxd5 cxd5 11. Nxd5 Nxd5 12. Nxf7 Kxf7 13. Bxd5+ Kf8 14. Qb3
Nc5 15. Qa2 Bf6 16. Bg2 Be6 17. Qb1 Nb3 18. Bxb7 Rb8 19. Be4 Nxa1 0-1

[Event "Open SSM Luglio"]
[Site "Milano ITA"]
[Date "2014.07.03"]
[Round "1"]
[White "Pelizzola, Danilo"]
[Black "Vece, Luigi"]
[WhiteElo "2106"]
[BlackElo "1641"]
[Result "1-0"]
[PlyCount "55"]
[EventDate "2014.07.03"]

1. e4 Nf6 2. Nc3 e5 3. Nf3 Nc6 4. Bb5 a6 5. Ba4 b5 6. Bb3 Bc5 7. d3 O-O 8. Bg5
d6 9. Nd5 Bg4 10. c3 h6 11. Nxf6+ gxf6 12. Bxh6 Re8 13. h3 Bh5 14. g4 Bg6 15.
Nh4 Kh7 16. Qd2 Qd7 17. Bd5 Rab8 18. b4 Bb6 19. Be3 Ne7 20. Bb3 d5 21. Nf5 dxe4
22. dxe4 Qc6 23. Bxb6 Qxe4+ 24. Qe3 Qxe3+ 25. Bxe3 Nxf5 26. gxf5 Bxf5 27. O-O-O
Rbd8 28. Bxf7 1-0

[Event "Open SSM Luglio"]
[Site "Milano ITA"]
[Date "2014.07.03"]
[Round "1"]
[White "Invernizzi, Ferruccio"]
[Black "Bonazzi, Edoardo"]
[WhiteElo "1636"]
[BlackElo "2079"]
[Result "0-1"]
[PlyCount "62"]
[EventDate "2014.07.03"]

1. e4 c5 2. d4 cxd4 3. c3 dxc3 4. Nxc3 d6 5. Nf3 e6 6. Bc4 a6 7. O-O b5 8. Bb3
Ra7 9. Qe2 Rd7 10. Rd1 Be7 11. Be3 Nc6 12. Rac1 Bb7 13. a3 Nf6 14. Nd4 Nxd4 15.
Bxd4 O-O 16. e5 dxe5 17. Bxe5 Rxd1+ 18. Rxd1 Qa8 19. f3 Rd8 20. Re1 Bc5+ 21.
Kf1 Nd5 22. Nxd5 Bxd5 23. Bxd5 Qxd5 24. Bc3 h6 25. Qe5 Qc4+ 26. Qe2 Rd3 27. h3
Qh4 28. Bd2 Qd4 29. Be3 Rxe3 30. Qxe3 Qxe3 31. Rxe3 Bxe3 0-1

[Event "Open SSM Luglio"]
[Site "Milano ITA"]
[Date "2014.07.03"]
[Round "1"]
[White "Astengo, Corrado"]
[Black "Biava, Pierluigi"]
[WhiteElo "2078"]
[BlackElo "1613"]
[Result "1-0"]
[PlyCount "65"]
[EventDate "2014.07.03"]

1. e4 c5 2. Nf3 e6 3. d4 cxd4 4. Nxd4 a6 5. Nc3 Qc7 6. Bd3 Nc6 7. Be3 d6 8. O-O
Nf6 9. Kh1 Bd7 10. f4 Be7 11. Qf3 h5 12. Rae1 Ng4 13. Bg1 Bf6 14. Nxc6 bxc6 15.
Qe2 Qb7 16. e5 dxe5 17. Na4 exf4 18. Nb6 Bh4 19. Rd1 Ne3 20. Bxe3 fxe3 21. Nxa8
Bf2 22. Bxa6 Qxa8 23. Bc4 Qa7 24. Rd3 Ke7 25. Rfd1 Rd8 26. Qxh5 g6 27. Qg5+ Ke8
28. Rd6 Qc7 29. Qf6 Qc8 30. a4 Qc7 31. b4 Qb6 32. Bxe6 e2 33. Qxf7# 1-0

[Event "Open SSM Luglio"]
[Site "Milano ITA"]
[Date "2014.07.03"]
[Round "1"]
[White "Dicuonzo, Antonio"]
[Black "Bisignano, Giuseppe"]
[WhiteElo "1608"]
[BlackElo "1872"]
[Result "1/2-1/2"]
[PlyCount "101"]
[EventDate "2014.07.03"]

1. e4 e5 2. Nf3 Nc6 3. Bb5 a6 4. Ba4 Nf6 5. O-O Be7 6. Re1 b5 7. Bb3 d6 8. h3
O-O 9. c3 Na5 10. Bc2 c5 11. d4 Qc7 12. Nbd2 Bd7 13. Nf1 cxd4 14. cxd4 Rfc8 15.
Ne3 g6 16. b3 Bc6 17. d5 Bd7 18. Ba3 Nb7 19. Nxe5 Nc5 20. Nxd7 Nfxd7 21. Bb2
Qd8 22. Ng4 f6 23. f4 h5 24. Nf2 Qf8 25. e5 f5 26. exd6 Bxd6 27. Qd4 Kh7 28.
Rac1 Re8 29. Kh1 Re7 30. Rxe7+ Bxe7 31. Qd1 Bf6 32. Bxf6 Nxf6 33. Qd4 Rd8 34.
Qc3 Rxd5 35. b4 Nce4 36. Nxe4 fxe4 37. Qc7+ Rd7 38. Qc3 Nd5 39. Qe5 Qxf4 40.
Qxf4 Nxf4 41. Bxe4 Ne2 42. Re1 Ng3+ 43. Kh2 Nxe4 44. Rxe4 Rd2 45. Re7+ Kh6 46.
a4 Rd4 47. a5 Rxb4 48. Re6 Ra4 49. Rxa6 h4 50. Ra8 Kg7 51. a6 1/2-1/2

[Event "Open SSM Luglio"]
[Site "Milano ITA"]
[Date "2014.07.03"]
[Round "1"]
[White "Quagliarella, Sabino Remo"]
[Black "Padolecchia, Vittorio"]
[WhiteElo "1838"]
[BlackElo "1579"]
[Result "1-0"]
[PlyCount "67"]
[EventDate "2014.07.03"]

1. e4 d5 2. exd5 Nf6 3. Nf3 Nxd5 4. d4 Bf5 5. c4 Nf6 6. Qb3 Qc8 7. Nc3 e6 8.
Be2 Be7 9. O-O O-O 10. Nh4 Bg6 11. Nxg6 fxg6 12. Bf3 c6 13. d5 exd5 14. cxd5
Kh8 15. dxc6 Nxc6 16. Be3 b6 17. Rac1 Bc5 18. Bxc5 bxc5 19. Qa4 Nd4 20. Bxa8
Qxa8 21. Rfe1 Nf3+ 22. gxf3 Qxf3 23. Re3 Qf5 24. Qc2 Qh5 25. h3 g5 26. Ne4 Nd5
27. Rg3 h6 28. Qxc5 Qf7 29. Re1 Nf4 30. b3 Re8 31. Qc3 Qf5 32. Nd6 Ne2+ 33.
Rxe2 Rxe2 34. Nxf5 1-0